000 00721cam a2200217 a 4500
001 000006672
005 20200929153955.0
008 790130s1977 sp 000 0aspa
020 _z8432502606
040 _aDO-SdBNP
_bspa
_cBNPHU
082 _a923.5946
_bM717d
100 1 _aMola, Emilio,
_d1887-1937.
_918572
245 1 0 _aDar Akobba :
_bpáginas de sangre, de dolor y de gloria /
_cGeneral Mola.
260 _aMadrid :
_bDoncel,
_c1977.
300 _a255 p. ;
_c18 cm.
490 1 _aEl Libro de bolsillo Doncel
_vno. 137
650 4 _aRif revolt, 1921-1926
_xPersonal narratives.
_918573
600 1 4 _aMOLA, EMILIO,
_d1887-1937.
_918574
830 3 _aEl Libro de bolsillo Doncel ;
_vno. 137
_98628
910 _aEn proceso
999 _c6461
_d6461